000 00852nmm a2200241 a 4500
001 ocm000703711
003 TR-IsHL
005 20201028142656.0
008 140104s1996 tu tur
007 cr cn
035 _a703711
_b(N$T)
050 0 4 _aHD2769.15
_b.T53 1996
090 0 4 _aHD2769.15
_b.T53 1996
245 1 0 _aTicaret Sicil Memurluğu'na tescil işlemleri yapılırken verilmesi gereken belgeler
_h[electronic resource]
260 _aİstanbul :
_bİstanbul Ticaret Odası,
_c1996
300 _a50 p.
650 4 _aEkonomi ve Finans
650 4 _aEconomics and Finance
650 0 _aTescil İşlemleri
650 0 _aNonprofit organizations
650 7 _aBUSINESS & ECONOMICS / Nonprofit Organizations & Charities
_2bisacsh
856 4 0 _uhttp://search.ebscohost.com/login.aspx?direct=true&scope=site&db=e011xww&AN=703711
999 _c8482
_d8482